000
00273pab a2200109 454500
008
180718b xxu||||| |||| 00| 0 eng d
100
_a
Balachander, K.K.
245
_a
Education: vital, yet neglected
650
_a
Education - India
773
_a
University News
909
_a
23640
999
_c
23640
_d
23640